[Event "Bogota Superate Intercol Adv (Women)"]
[Site "Bogota"]
[Date "2014.10.24"]
[Round "7.6"]
[White "Jaraba Andrade, Aura"]
[Black "Riveros, Maria Fernanda"]
[Result "1-0"]
[WhiteElo "1576"]
[BlackElo "1442"]
[PlyCount "103"]
[EventDate "2014.10.24"]
[EventType "swiss (blitz)"]
[EventRounds "8"]
[EventCountry "COL"]
[SourceTitle "EXT 2024"]
[Source "ChessBase"]
[SourceDate "2023.10.10"]
[SourceVersion "1"]
[SourceVersionDate "2023.10.10"]
[SourceQuality "1"]

1. e4 c5 2. Nf3 d6 3. Bb5+ Bd7 4. Bxd7+ Nxd7 5. 0-0 Ngf6 6. Nc3 a6 7. d3 g6 8. Be3 Bg7 9. Qd2 0-0 10. Rad1 Re8 11. Bf4 b5 12. a3 Rb8 13. Rfe1 Qc7 14. Bg3 a5 15. e5 dxe5 16. Nxe5 Nxe5 17. Bxe5 Qd7 18. Bxb8 Rxb8 19. b4 axb4 20. axb4 cxb4 21. Na2 Qd6 22. Qxb4 Qxb4 23. Nxb4 Ra8 24. Rxe7 Ra4 25. Rb1 Bf8 26. Rb7 Bxb4 27. Rb8+ Kg7 28. Rxb5 Bc3 29. Kf1 Nd7 30. Ke2 Ne5 31. R1b3 Ba1 32. c4 Ra2+ 33. Ke3 Ng4+ 34. Ke4 Nxf2+ 35. Kf3 Nd1 36. c5 Ra8 37. c6 Rc8 38. Rb6 Be5 39. h3 Bc7 40. Rb7 Kf6 41. Ke4 Ke6 42. d4 Kd6 43. d5 Nf2+ 44. Kd4 Nh1 45. Rb1 Ng3 46. R1b3 Nf5+ 47. Kc4 Ne7 48. Rf3 f5 49. g4 fxg4 50. hxg4 Nxd5 51. Rd3 h6 52. Rxd5+ 1-0

[Event "Bogota Superate Intercol Adv (Women)"]
[Site "Bogota"]
[Date "2014.10.23"]
[Round "4.4"]
[White "Riveros, Maria Fernanda"]
[Black "Guerra Verano, Diana"]
[Result "1/2-1/2"]
[WhiteElo "1442"]
[BlackElo "1634"]
[PlyCount "126"]
[EventDate "2014.10.23"]
[EventType "swiss (rapid)"]
[EventRounds "6"]
[EventCountry "COL"]
[SourceTitle "EXT 2024"]
[Source "ChessBase"]
[SourceDate "2023.10.10"]
[SourceVersion "1"]
[SourceVersionDate "2023.10.10"]
[SourceQuality "1"]

1. e4 c5 2. Nf3 e6 3. d4 cxd4 4. Nxd4 a6 5. Nc3 Qc7 6. a3 Nf6 7. Be3 b5 8. Bd3 Bb7 9. 0-0 Be7 10. Re1 0-0 11. f4 b4 12. e5 bxc3 13. exf6 Bxf6 14. bxc3 Qxc3 15. Be2 Bxd4 16. Bxd4 Qc6 17. Bf3 d5 18. Bb2 Nd7 19. Qd4 Qc5 20. Kh1 Qxd4 21. Bxd4 Rac8 22. Rab1 Ba8 23. c3 Rb8 24. Be2 a5 25. Rb5 Rxb5 26. Bxb5 Nf6 27. Rb1 Ne4 28. Bb6 Nxc3 29. Rb3 Nxb5 30. Rxb5 Rc8 31. Rxa5 h6 32. h3 Bc6 33. Ra7 Ra8 34. Rc7 Bb5 35. Rc3 Bc4 36. Bd4 Ra4 37. Be5 g6 38. Bf6 h5 39. Kg1 Kf8 40. Kf2 Ke8 41. Ke3 Kd7 42. g3 Kc6 43. h4 Kb5 44. Kd4 Bb3+ 45. Ke5 Rxa3 46. Kd6 Bc4 47. Rxa3 Kb4 48. Ra1 Bd3 49. Rc1 Bf5 50. Ke5 Kb3 51. Kd4 Kb2 52. Rc7 Kb3 53. Rxf7 Kc2 54. Rg7 Kd2 55. Rb7 Ke2 56. Rb3 Kf2 57. Re3 Bg4 58. Ra3 Bf5 59. Rc3 Be4 60. Ke5 Bf5 61. Kd4 Be4 62. Ke5 Bf5 63. Kd4 Be4 1/2-1/2

[Event "Bogota Superate Intercol (Women)"]
[Site "Bogota"]
[Date "2014.10.21"]
[Round "1.7"]
[White "Cardoso Cardoso, Jaidy Marcela"]
[Black "Riveros, Maria Fernanda"]
[Result "1-0"]
[WhiteElo "1663"]
[BlackElo "1442"]
[PlyCount "31"]
[EventDate "2014.10.21"]
[EventType "swiss"]
[EventRounds "5"]
[EventCountry "COL"]
[SourceTitle "EXT 2024"]
[Source "ChessBase"]
[SourceDate "2023.10.10"]
[SourceVersion "1"]
[SourceVersionDate "2023.10.10"]
[SourceQuality "1"]

1. d4 Nf6 2. Nf3 d5 3. c4 c6 4. Nc3 e6 5. Bg5 Be7 6. e3 Nbd7 7. cxd5 cxd5 8. Bd3 Nb6 9. 0-0 Bd7 10. Rc1 0-0 11. Ne5 Rc8 12. Qe2 Ne4 13. Bxe7 Nxc3 14. Bxh7+ Kh8 15. Qh5 Ne2+ 16. Kh1 1-0

[Event "Bogota Superate Intercol (Women)"]
[Site "Bogota"]
[Date "2014.10.21"]
[Round "2.9"]
[White "Riveros, Maria Fernanda"]
[Black "Pinillo Canon, Silvana"]
[Result "0-1"]
[WhiteElo "1442"]
[BlackElo "1539"]
[PlyCount "48"]
[EventDate "2014.10.21"]
[EventType "swiss"]
[EventRounds "5"]
[EventCountry "COL"]
[SourceTitle "EXT 2024"]
[Source "ChessBase"]
[SourceDate "2023.10.10"]
[SourceVersion "1"]
[SourceVersionDate "2023.10.10"]
[SourceQuality "1"]

1. e4 e5 2. Nf3 Nc6 3. Bb5 Nf6 4. 0-0 d6 5. Re1 a6 6. Ba4 b5 7. Bb3 Bg4 8. c3 Be7 9. Qe2 0-0 10. Rd1 d5 11. exd5 Nxd5 12. Qe4 Be6 13. Nxe5 Nxe5 14. Qxe5 Bd6 15. Qe2 Re8 16. Qf1 Qf6 17. d4 Re7 18. Bxd5 Bxd5 19. Be3 Rae8 20. Nd2 Re6 21. b3 Qh4 22. h3 Rg6 23. g4 Rxg4+ 24. hxg4 Qxg4+ 0-1

[Event "COL-ch U12 Girls"]
[Site "Bogota"]
[Date "2014.06.01"]
[Round "6"]
[White "Riveros, Maria Fernanda"]
[Black "Fitzgerald, Daniela"]
[Result "0-1"]
[WhiteElo "1528"]
[BlackElo "1536"]
[PlyCount "23"]
[EventDate "2014.05.29"]
[EventType "swiss"]
[EventRounds "7"]
[EventCountry "COL"]
[SourceTitle "CBM 160 Extra"]
[Source "ChessBase"]
[SourceDate "2014.07.01"]
[SourceVersion "1"]
[SourceVersionDate "2014.07.01"]
[SourceQuality "1"]

1. e4 e5 2. d4 exd4 3. Qxd4 Nc6 4. Qe3 Be7 5. Nf3 d6 6. Bd2 Be6 7. Be2 Nb4 8. Nc3 Nf6 9. 0-0-0 d5 10. Bf1 Ng8 11. Nb1 Bc8 12. Qb3 0-1

[Event "Central Region-ch U12 Girls"]
[Site "Manizales"]
[Date "2014.05.17"]
[Round "5.1"]
[White "Riveros, Maria Fernanda"]
[Black "Bernal Parra, Eliana Valentina"]
[Result "0-1"]
[WhiteElo "1528"]
[BlackElo "1531"]
[PlyCount "62"]
[EventDate "2014.05.15"]
[EventType "tourn"]
[EventRounds "6"]
[EventCountry "COL"]
[SourceTitle "EXT 2024"]
[Source "ChessBase"]
[SourceDate "2023.10.10"]
[SourceVersion "1"]
[SourceVersionDate "2023.10.10"]
[SourceQuality "1"]

1. e4 c5 2. Nf3 Nc6 3. d4 cxd4 4. Nxd4 Nf6 5. Nc3 g6 6. Bc4 Bg7 7. Be3 0-0 8. Qd2 Qb6 9. 0-0-0 Ng4 10. Nce2 Nxd4 11. Bxd4 Bh6 12. Qxh6 Nxh6 13. Bxb6 axb6 14. f3 d6 15. Kb1 Ra4 16. Bb3 Ra5 17. g4 Bd7 18. Nc3 Kg7 19. Nd5 Re8 20. Nxb6 Bc6 21. h4 f5 22. gxf5 Nxf5 23. Bd5 Bxd5 24. Nxd5 Ng3 25. Rh2 Rf8 26. f4 Nxe4 27. Nxe7 Rxf4 28. h5 Rxh5 29. Rxh5 gxh5 30. Rd5 Rf1+ 31. Rd1 Rxd1# 0-1

[Event "COL-ch U14 Girls"]
[Site "Medellin"]
[Date "2013.04.26"]
[Round "5"]
[White "Morales Serrano, Katty Dayana"]
[Black "Riveros, Maria Fernanda"]
[Result "1-0"]
[WhiteElo "1542"]
[BlackElo "1578"]
[PlyCount "95"]
[EventDate "2013.04.26"]
[EventType "swiss"]
[EventRounds "7"]
[EventCountry "COL"]
[SourceTitle "EXT 2015"]
[Source "ChessBase"]
[SourceDate "2014.11.20"]
[SourceVersion "1"]
[SourceVersionDate "2014.11.20"]
[SourceQuality "1"]

1. e4 e5 2. Nf3 Nc6 3. Nc3 Nf6 4. Bc4 Bc5 5. a3 a5 6. d3 h6 7. Bb5 0-0 8. Bc4 d6 9. h3 Be6 10. Nd5 Nd4 11. 0-0 Nxd5 12. exd5 Bf5 13. Re1 b5 14. Ba2 Re8 15. c3 Nxf3+ 16. Qxf3 Qf6 17. Re2 Qg6 18. Rd2 e4 19. dxe4 Bxe4 20. Qg4 Qxg4 21. hxg4 Re5 22. Re2 Rae8 23. Bf4 Bd3 24. Rxe5 Rxe5 25. Bxe5 dxe5 26. Re1 e4 27. Bb1 Bc4 28. Bxe4 b4 29. cxb4 axb4 30. axb4 Bxb4 31. Rc1 Bb3 32. Rxc7 Bd6 33. Rc8+ Bf8 34. d6 Be6 35. Ra8 g6 36. Bc6 Kg7 37. d7 Bxd7 38. Bxd7 Bd6 39. Ra7 Be5 40. b4 Bd4 41. Rb7 h5 42. gxh5 gxh5 43. Be6 Bc5 44. bxc5 Kf6 45. Bxf7 h4 46. c6 Kg7 47. c7 Kxf7 48. c8Q+ 1-0